| 000 | 00391nam a2200157Ia 4500 | ||
|---|---|---|---|
| 008 | 221030s9999 xx 000 0 und d | ||
| 041 | _aEnglish | ||
| 082 |
_a105.23 _bPun |
||
| 100 | _aB. C. Punmia | ||
| 245 | 0 | _aEnvironmental Engineering - 1 Water Supply Engineering | |
| 260 |
_bLaxmi Pub. _aNew Delhi _c1998 |
||
| 300 | _a584 | ||
| 650 | _aChemistry | ||
| 700 | _aA. Jain | ||
| 942 | _cBK | ||
| 999 |
_c1655 _d1655 |
||